| 000 | 00805nam a2200229 i 4500 | ||
|---|---|---|---|
| 001 | 142874 | ||
| 003 | ES-MaACL | ||
| 005 | 20250925063045.0 | ||
| 007 | t| | ||
| 008 | 071010s1967 sp ||||1| spa d | ||
| 100 | 1 |
_aVicens Vives, Jaime, _d1910-1960 _9114319 |
|
| 245 | 1 | 0 |
_aObra dispersa / _cJ. Vicens Vives ; edición preparada por M. Batllori y E. Giralt. |
| 250 | _a1ª ed. | ||
| 260 |
_aBarcelona : _bVicens-Vives, _c1967. |
||
| 300 |
_a1 v. ; _c24 cm. |
||
| 505 | 8 | _aContiene: II: España, América, Europa / prólogo de José Mª Lacarra de Miguel. - XIV, 587 p. | |
| 700 | 1 |
_aBatllori, Miguel. _926460 |
|
| 700 | 1 |
_aGiralt i Raventós, Emili. _957202 |
|
| 700 | 1 |
_aLacarra, José María ( _d1907-1987) _969329 |
|
| 852 |
_aES-MaACL _jC-33959 _bR.64457 |
||
| 999 |
_c142874 _d142874 |
||